De Jure Kingdoms with a Map in 1066, Crusader Kings II - Statistics

General Stats
  • This quiz has been taken 983 times
  • The average score is 53 of 111
Answers on the Map
Answers color-coded by a green-red scale on the quiz's map according to % correct below.
 
Answer Stats
De Jure Empire % Correct
Britannia England
97%
Britannia Scotland
97%
Scandinavia Norway
96%
Scandinavia Sweden
96%
Scandinavia Denmark
95%
Francia France
95%
Britannia Ireland
95%
Britannia Wales
95%
Scandinavia Finland
92%
Carpathia Hungary
90%
Wendish Empire Poland
90%
Francia Brittany
89%
Holy Roman Empire Germany
87%
Italia Italy
87%
Byzantine Empire Bulgaria
86%
Wendish Empire Lithuania
86%
Hispania Aragon
85%
Byzantine Empire Sicily
85%
Holy Roman Empire Bohemia
84%
Hispania Castille
84%
Byzantine Empire Croatia
83%
Byzantine Empire Greece
83%
Italia Sardinia and Corsica
83%
Hispania León
82%
Scandinavia Estonia
81%
Persian Empire Persia
81%
Italia Romagna
80%
Hispania Navarra
78%
Arabian Empire Egypt
77%
Hispania Galicia
77%
Byzantine Empire Serbia
77%
Francia Burgundy
76%
Arabian Empire Arabia
75%
Byzantine Empire Georgia
75%
Arabian Empire Yemen
73%
Francia Aquitaine
71%
Arabian Empire Jerusalem
71%
Hispania Andalusia
69%
Holy Roman Empire Bavaria
69%
Wendish Empire Pomerania
68%
Byzantine Empire Armenia
67%
Arabian Empire Syria
67%
Russia Novgorod
66%
Pontic Steppe Crimea
64%
Scandinavia Lapland
64%
Italia Venice
64%
Carpathia Wallachia
64%
Holy Roman Empire Frisia
63%
Byzantine Empire Anatolia
62%
Mali Mali
60%
Hispania Valencia
60%
Tartaria Mongolia
59%
Holy Roman Empire Lotharingia
58%
Byzantine Empire Epirus
57%
Persian Empire Iraq
50%
Bengal Empire Bengal
48%
Maghreb Africa
46%
Abyssinia Nubia
44%
Abyssinia Abyssinia
42%
Tibet Nepal
41%
Byzantine Empire Thrace
41%
Russia Galicia-Volhynia
39%
Rajastan Delhi
38%
Maghreb Maghreb
38%
Mali Ghana
37%
Volga-Ural Perm
36%
Byzantine Empire Trebizond
34%
Rajastan Punjab
32%
Rajastan Sindh
31%
Hispania Badajoz
30%
Holy Roman Empire Carinthia
30%
Rajastan Gujarat
30%
Kanem-Bornu Kanem
28%
Russia Kievan Rus
27%
Russia Vladimir
25%
Tartaria Cumania
24%
Mali Songhay
24%
Persian Empire Al-Jazira
23%
Pontic Steppe Khazaria
23%
Tibet Kashmir
20%
Persian Empire Sistan
17%
Persian Empire Khorasan
14%
Bengal Empire Orissa
14%
Turan Transoxiana
14%
Volga-Ural Volga Bulgaria
14%
Persian Empire Daylam
13%
Tartaria Sibir
12%
Pontic Steppe Alania
11%
Bengal Empire Bihar
11%
Deccan Empire Lanka
11%
Tibet Xia
11%
Turan Oghuz
10%
Russia Chernigov
8%
Tibet Guge
8%
Kanem-Bornu Hausaland
7%
Persian Empire Kabulistan
7%
Tibet Yarlung
7%
Deccan Empire Andhra
6%
Bengal Empire Gondwana
6%
Deccan Empire Karnata
6%
Rajastan Malwa
6%
Turan Khotan
5%
Volga-Ural Nenetsia
5%
Rajastan Rajputana
5%
Tibet Kham
4%
Rajastan Kosala
3%
Deccan Empire Maharastra
3%
Deccan Empire Tamilakam
3%
Turan Zhetysu
3%
Bengal Empire Kamarupa
2%
Deccan Empire Telingana
2%
No matching quizzes found
Score Distribution
Percent of People with Each Score
Percentile by Number Answered
Your Score History
You have not taken this quiz